Derm - Fast Facts - Statistics

General Stats
  • This quiz has been taken 11 times
  • The average score is 6 of 12
Answer Stats
hint answer % Correct
most common kind of skin cancer basal cell carcinoma
100%
this precancerous lesion is caused by sun exposure and may evolve into squamous cell carcinoma actinic keratosis
88%
this type of skin cancer is characterized by its pearly nodular nature w/ telangiectasia and raised rolled edges basal cell carcinoma
88%
this lesion seen in the elderly resembles a mole with a warty or "stuck on" appearance seborrheic keratosis
75%
wickham's striae are associated w/ what skin condition? lichen planus
50%
MC infectious causes of erythema multiforme (2) HSV1, mycoplasma
38%
pruritic, polygonal, purple papular lesions are associated with lichen planus
38%
Metronidazole is used to treat this inflammatory skin condition rosacea
38%
when it comes to erythema multiforme major, SJS is defined as < ___ % TBSA whereas TEN is defined as > ____ % TBSA covered 10%, 30%
25%
the MCC of necrotizing fascitis is s pyogenes or anaerobic flesh eating bacteria
25%
tinea versicolor is caused by this bacterial pathogen w/ "spaghetti and meatballs" appearance on KOH prep malezzesia furfur
13%
the most commonly implicated pathogen in infected cat bites is pasturella multocida
13%
No matching quizzes found
Score Distribution
Percent of People with Each Score
Percentile by Number Answered
Your Score History
You have not taken this quiz